The Indian psyche: the inner world shamans, mystics and doctors tales of love, sex and danger (Record no. 380333)

000 -LEADER
fixed length control field 00430cam a22001337a 4500
008 - FIXED-LENGTH DATA ELEMENTS--GENERAL INFORMATION
fixed length control field 180718b1996 xxu||||| |||| 00| 0 eng d
082 ## - DEWEY DECIMAL CLASSIFICATION NUMBER
Classification number K9x54 K123i
100 ## - MAIN ENTRY--PERSONAL NAME
Personal name Kakar, Sudhir
245 ## - TITLE STATEMENT
Title The Indian psyche: the inner world shamans, mystics and doctors tales of love, sex and danger
Statement of responsibility, etc. by Sudhir Kakar
260 ## - PUBLICATION, DISTRIBUTION, ETC.
Place of publication, distribution, etc. Delhi
Name of publisher, distributor, etc. Oxford University Press
Date of publication, distribution, etc. 1996
300 ## - PHYSICAL DESCRIPTION
Extent 249p.
650 ## - SUBJECT ADDED ENTRY--TOPICAL TERM
Topical term or geographic name entry element Social psychology
650 ## - SUBJECT ADDED ENTRY--TOPICAL TERM
Topical term or geographic name entry element Psychology
Holdings
Withdrawn status Lost status Damaged status Not for loan Permanent Location Current Location Date acquired Full call number Barcode Date last seen Price effective from Koha item type
        Indian Institute of Public Administration Indian Institute of Public Administration 1996-09-28 K9x54 K123i 71340 2018-07-21 2018-07-21 Book

Powered by Koha